000 00550nam a2200205Ia 4500
005 20250923145135.0
008 008 250917s9999 xx 000 0 eng d
037 _aTextual
040 _aDSWL
_beng
_cDSWL
041 _aeng
_2eng
084 _aY738:1, N67
_qDSWL
100 _aYoors, Jan
_9832170
245 4 _aThe Gypsies
_cby Jan Yoors
260 _aLondon
_bGeorge Allen & Unwin Ltd.
_c1967
300 _a197p.
365 _aINR
_b30
925 _g30
942 _cTEXL
_hY738:1, N67
999 _c1447649
_d1447649